Science Quiz

Random Science or Minefield Quiz

Woof Woof Quack Boom Quiz Stats

Quiz Updated Sep 7, 2017

Also try: Cat or Dog?
Challenge
Share
Tweet
Embed
Score 0/50 Timer 05:00
13 Plays Today
% Correct
???
64.9%
???
64.9%
???
64.4%
???
64%
???
64%
???
63.9%
???
63.9%
???
63.9%
???
63.7%
???
63.6%
???
63.4%
???
63.4%
???
63.3%
???
62.5%
???
61.5%
???
60.2%
???
59.6%
???
59%
???
58.9%
???
58.5%
???
57.5%
???
57.4%
???
55.8%
???
55.3%
???
53.3%
% Correct
???
53%
???
52.4%
???
51.7%
???
50.5%
???
50.4%
???
47.3%
???
40.4%
???
40.4%
???
39.4%
???
37.9%
???
30.7%
???
29.7%
???
29.1%
???
28.7%
???
28%
???
26.3%
???
26.1%
???
24.6%
???
18.6%
???
15.2%
???
14.6%
???
14.6%
???
12.6%
???
10.6%
???
9.8%

You're not logged in!

Compare scores with friends on all Sporcle quizzes.
Join for Free
OR
Log In

You Might Also Like...

Show Comments

Extras

Top Quizzes Today


Score Distribution

Your Account Isn't Verified!

In order to create a playlist on Sporcle, you need to verify the email address you used during registration. Go to your Sporcle Settings to finish the process.

Report this User

Report this user for behavior that violates our Community Guidelines.

Details: